000 00257nam a22001217a 4500
008 190225b xxu||||| |||| 00| 0 eng d
041 _aeng
080 _a101
100 _a24
101 _aFIL
245 _aAnatomy of Criticism
_cFrye, N
942 _2udc
_cBK
999 _c54252
_d54252